000 00313nam a2200121Ia 4500
008 190723s9999 xx 000 0 und d
020 _a978-0-8153-4502-2
100 _aPaulo Almeida
245 0 _aProteins : concepts in Biochemistry
260 _aNew York
_bGarland Science
_c2016
300 _a395.:p
942 _cBK
999 _c1656
_d1656